000 00482nam a2200181Ia 4500
008 090124s9999 xx 000 0 und d
082 _b35776
100 _aभालेराव अनंत
245 _a कावड
250 _a0
260 _bऋतू प्रकाशन
300 _a226
600 _aभालेराव अनंत
630 _a कावड
700 _aभालेराव अनंत
730 _a कावड
942 _cBOOK
999 _c101732
_d101732